[Event "IX MIEDZYNARODOWY TURNIEJ SZACHOWY - GORA SW. ANNY 2016 - Open A"]
[Site "Gora Sw. Anny"]
[Date "1899-12-30"]
[Round "4.8"]
[White "Piotrowski, Przemyslaw"]
[Black "Kocheev, Aleksandr"]
[Result "0-1"]
[WhiteTitle "k"]
[BlackTitle "m"]
[WhiteElo "2205"]
[BlackElo "2360"]

1. e4 e5 2. Nf3 Nc6 3. Bc4 Nf6 4. d3 Be7 5. Nc3 O-O 6. h3 d6 7. Be3 Na5 8. Qe2
c6 9. Bb3 b5 10. g4 b4 11. Nb1 Nxb3 12. axb3 Qc7 13. g5 Ne8 14. d4 a5 15. c4 f5
16. gxf6 Nxf6 17. Nbd2 exd4 18. Nxd4 d5 19. O-O-O dxe4 20. Rhg1 c5 21. Bh6 Rf7
22. Nxe4 Qe5 23. Nc6 Qxe4 24. Qxe4 Nxe4 25. Nxe7+ Rxe7 26. Rd8+ Kf7 27. Rxg7+
Ke6 28. Rgg8 a4 29. Rxc8 Rxc8 30. Rxc8 axb3 31. f3 Nf2 32. Rd8 Rf7 33. Be3 Rxf3
34. Bxf2 Rxf2 35. Rd3 Rc2+ 36. Kb1 Rxc4 37. Rxb3 Rf4 38. Re3+ Kd5 39. b3 Kd4 40.
Rg3 h5 41. Rg5 Rf3 42. Rxh5 Rxb3+ 43. Kc2 Rc3+ 44. Kb2 Re3 45. Rh8 Kc4 46. Rh4+
Kb5 47. Rh5 Re2+ 48. Kb1 b3 49. h4 Kb4 50. Rg5 Ka3 0-1

[Event "IX MIEDZYNARODOWY TURNIEJ SZACHOWY - GORA SW. ANNY 2016 - Open A"]
[Site "Gora Sw. Anny"]
[Date "1899-12-30"]
[Round "4.9"]
[White "Wisniewski, Michal"]
[Black "Smieszek, Wojciech"]
[Result "0-1"]
[WhiteTitle "k+"]
[BlackTitle "k"]
[WhiteElo "2290"]
[BlackElo "2109"]

1. e4 c5 2. Nf3 g6 3. d4 cxd4 4. Nxd4 Nc6 5. c4 Nf6 6. Nc3 Nxd4 7. Qxd4 d6 8. Be2
Bg7 9. Be3 O-O 10. Qd2 a5 11. O-O a4 12. Bd4 Qa5 13. Rad1 Be6 14. f4 Rfc8 15.
b3 axb3 16. axb3 Bd7 17. f5 Bc6 18. Qe3 Nd7 19. fxg6 hxg6 20. Bg4 e5 21. Qf3 Nf6
22. Bxc8 exd4 23. Bxb7 Bxb7 24. Nd5 Bxd5 25. exd5 Re8 26. Kh1 Qc3 27. Rd3 Qb2
28. b4 Qxb4 29. Rxd4 Re1 30. Rf4 Qb1 31. c5 Nxd5 32. Rxf7 Bf6 33. Rxf6 Nxf6 34.
Kg1 Rxf1+ 35. Qxf1 Qxf1+ 36. Kxf1 dxc5 37. Ke2 Kf7 38. Kd3 Ke6 39. Kc4 Nd7 40.
Kd3 Kf5 0-1

[Event "IX MIEDZYNARODOWY TURNIEJ SZACHOWY - GORA SW. ANNY 2016 - Open A"]
[Site "Gora Sw. Anny"]
[Date "1899-12-30"]
[Round "4.10"]
[White "Lizak, Jakub"]
[Black "Smal, Tobiasz"]
[Result "1/2-1/2"]
[WhiteTitle "k"]
[BlackTitle "k"]
[WhiteElo "2247"]
[BlackElo "2006"]

1. e4 e5 2. Nf3 Nc6 3. Bb5 a6 4. Ba4 Nf6 5. O-O Be7 6. Re1 b5 7. Bb3 d6 8. c3 O-O
9. h3 Nb8 10. d4 Nbd7 11. c4 Bb7 12. Nc3 c6 13. a3 Qc7 14. Qc2 Nb6 15. c5 Nbd7
16. cxd6 Bxd6 17. dxe5 Nxe5 18. Nxe5 Bxe5 19. Bg5 c5 20. Bxf6 Bxf6 21. Nd5 Bxd5
22. Bxd5 Rab8 23. Rad1 c4 24. Rf1 Qe5 25. Rd2 Bg5 26. Re2 Rfc8 27. g3 c3 28. Qb3
cxb2 29. Bxf7+ Kf8 30. Rxb2 Rc3 31. Qa2 Qc5 32. Bg8 Rxg3+ 33. Kh1 Rf3 34. Rb3
Rf4 35. Rg3 Qe5 36. Bxh7 Ke7 37. Bf5 Bf6 38. Qb3 Rd8 39. Bg6 Qe6 40. Qe3 Qd6 41.
Bf5 Bd4 42. Qe2 Qc6 43. Qh5 Qd6 44. Rd1 Qh6 45. Qe2 Rxf2 46. Qe1 Qf4 47. Qg1 Kf8
48. Rgd3 Rc8 49. Rg3 Rcc2 50. Rxd4 Rh2+ 51. Qxh2 Rxh2+ 52. Kxh2 Qf2+ 53. Rg2 Qxd4
54. Rg3 Ke7 55. h4 a5 56. Bh7 Kd6 57. Rd3 Qxd3 58. e5+ Kxe5 59. Bxd3 b4 60. a4
Kd4 1/2-1/2

[Event "IX MIEDZYNARODOWY TURNIEJ SZACHOWY - GORA SW. ANNY 2016 - Open A"]
[Site "Gora Sw. Anny"]
[Date "1899-12-30"]
[Round "4.11"]
[White "Kanicki, Krzysztof"]
[Black "Kowalski, Igor"]
[Result "1-0"]
[WhiteTitle "k"]
[BlackTitle "k"]
[WhiteElo "2178"]
[BlackElo "2121"]

1. e4 e6 2. d4 d5 3. Nd2 c5 4. exd5 Qxd5 5. Ngf3 cxd4 6. Bc4 Qd7 7. O-O Nf6 8.
Nb3 Nc6 9. Nbxd4 Nxd4 10. Nxd4 a6 11. Re1 b5 12. Bb3 Bb7 13. c3 Rd8 14. Qe2 Bd5
15. Bg5 Qb7 16. Bxf6 gxf6 17. Qh5 Rg8 18. g3 Rg6 19. Qxh7 Rh6 20. Bxd5 Qxd5 21.
Qe4 Bc5 22. Qxd5 Rxd5 23. Nf3 Rd3 24. Kg2 Rh5 25. Rad1 Rxf3 26. Kxf3 Rf5+ 27.
Ke4 Rxf2 28. b4 f5+ 29. Kd3 Bf8 30. Re2 Rf3+ 31. Kc2 f4 32. Rd3 Rf1 33. Rd1 Rf3
34. Rd3 Rf1 35. gxf4 Rxf4 36. Kb3 Ke7 37. a4 f6 38. axb5 axb5 39. Rd5 1-0

[Event "IX MIEDZYNARODOWY TURNIEJ SZACHOWY - GORA SW. ANNY 2016 - Open A"]
[Site "Gora Sw. Anny"]
[Date "1899-12-30"]
[Round "4.12"]
[White "Teclaf, Pawel"]
[Black "Korpalski, Maciej"]
[Result "1-0"]
[WhiteTitle "CM"]
[BlackTitle "I"]
[WhiteElo "2170"]
[BlackElo "1901"]

1. e4 c5 2. Nf3 d6 3. d4 cxd4 4. Nxd4 Nf6 5. Nc3 a6 6. Bc4 e6 7. Bb3 Nbd7 8. Bg5
Nc5 9. f4 Be7 10. Qf3 Qc7 11. O-O-O b5 12. e5 Bb7 13. Qe2 dxe5 14. fxe5 Nxb3+
15. axb3 Nd5 16. Bxe7 Qxe7 17. Ne4 O-O 18. Nd6 Nf4 19. Qe3 Nxg2 20. Qg3 Bd5 21.
N6f5 exf5 22. Nxf5 1-0

[Event "IX MIEDZYNARODOWY TURNIEJ SZACHOWY - GORA SW. ANNY 2016 - Open A"]
[Site "Gora Sw. Anny"]
[Date "1899-12-30"]
[Round "4.13"]
[White "Praczukowski, Stanislaw"]
[Black "Domanski, Lukasz"]
[Result "0-1"]
[WhiteTitle "I++"]
[BlackTitle "I++"]
[WhiteElo "2003"]
[BlackElo "1975"]

1. e4 e5 2. Nf3 d6 3. d4 exd4 4. Nxd4 Nf6 5. Nc3 Be7 6. Bf4 O-O 7. Qd2 c6 8. O-O-O
b5 9. f3 b4 10. Nce2 c5 11. Nf5 Bxf5 12. exf5 d5 13. g4 d4 14. Kb1 Nd5 15. Nc1
Qa5 16. Bc4 Nc3+ 17. bxc3 bxc3 18. Nb3 Qa3 19. Qc1 Qa4 20. Bd5 Na6 21. Bxa8 Nb4
22. a3 Rxa8 23. Nxd4 Nd5 24. Be5 cxd4 25. Rxd4 Qa5 26. Rxd5 Qxd5 27. Bxc3 Qxf3
28. Bb2 Rb8 29. Rf1 Qh3 30. Rf2 Bxa3 31. c4 Qxg4 32. f6 Qd4 33. Rc2 Bxb2 34. Rxb2
Rxb2+ 35. Qxb2 Qxb2+ 36. Kxb2 gxf6 0-1

[Event "IX MIEDZYNARODOWY TURNIEJ SZACHOWY - GORA SW. ANNY 2016 - Open A"]
[Site "Gora Sw. Anny"]
[Date "1899-12-30"]
[Round "4.14"]
[White "Kokoszczynski, Jan"]
[Black "Kalinowska, Zuzanna"]
[Result "0-1"]
[WhiteTitle "k"]
[BlackTitle "k"]
[WhiteElo "2121"]
[BlackElo "1854"]

1. e4 c5 2. Nf3 e6 3. d4 cxd4 4. Nxd4 a6 5. Bd3 Nf6 6. O-O d6 7. c4 Nc6 8. Nxc6
bxc6 9. Nc3 Be7 10. Re1 Bb7 11. c5 dxc5 12. Qe2 c4 13. Bxc4 c5 14. e5 Nd5 15.
Qg4 Kf8 16. Be3 h5 17. Qe2 Nxe3 18. fxe3 g6 19. Qc2 Kg7 20. Nd1 Qc7 21. Qc3 Rad8
22. Nf2 Qc6 23. e4 Rd4 24. Rad1 Rhd8 25. Rxd4 Rxd4 26. Qb3 Qc7 27. g3 Qa5 28.
Re2 Bc6 29. Qc2 Rxc4 30. Qxc4 Bb5 31. Qc2 Bxe2 32. Qxe2 Qxa2 33. Kg2 c4 34. Qd2
a5 35. g4 a4 36. gxh5 gxh5 37. Qd7 Bh4 38. Qd4 Qb3 39. Qa7 Qxb2 0-1

[Event "IX MIEDZYNARODOWY TURNIEJ SZACHOWY - GORA SW. ANNY 2016 - Open A"]
[Site "Gora Sw. Anny"]
[Date "1899-12-30"]
[Round "4.15"]
[White "Janocha, Jan"]
[Black "Chmiel, Piotr"]
[Result "0-1"]
[WhiteTitle "I"]
[BlackTitle "I+"]
[WhiteElo "1744"]
[BlackElo "1914"]

1. e4 e5 2. Nf3 Nc6 3. Bc4 Bc5 4. O-O Nf6 5. Re1 O-O 6. c3 d6 7. d4 exd4 8. cxd4
Bb4 9. Nc3 Bg4 10. Bg5 h6 11. Bh4 g5 12. Bg3 Re8 13. Re3 Bxc3 14. bxc3 Rxe4 15.
Qc2 Rxe3 16. fxe3 Qe7 17. Re1 Re8 18. Qg6+ Kh8 19. Qxh6+ Nh7 20. h4 Bxf3 21. gxf3
Rg8 22. Bd3 f5 23. h5 Rf8 24. Qg6 Rf6 25. Bxf5 Rxg6 26. hxg6 Nf8 27. Kf2 Kg7 28.
f4 Qf6 29. e4 gxf4 30. Bxf4 Ne7 31. Rh1 Nxf5 32. exf5 Qxf5 33. Ke3 Nxg6 34. Rg1
Qxf4+ 0-1

[Event "IX MIEDZYNARODOWY TURNIEJ SZACHOWY - GORA SW. ANNY 2016 - Open A"]
[Site "Gora Sw. Anny"]
[Date "1899-12-30"]
[Round "5.1"]
[White "Kovalev, Vladislav"]
[Black "Kovchan, Alexander"]
[Result "1/2-1/2"]
[WhiteTitle "GM"]
[BlackTitle "GM"]
[WhiteElo "2558"]
[BlackElo "2596"]

1. e4 c5 2. Nf3 d6 3. Bb5+ Nd7 4. d4 cxd4 5. Qxd4 a6 6. Bxd7+ Bxd7 7. c4 Bg4 8.
Qd3 g6 9. Nd4 Bg7 10. Nc3 Rc8 11. f3 Bd7 12. Be3 Nf6 13. Rc1 O-O 14. O-O Bc6 15.
b4 Nd7 16. Qe2 b6 17. Nxc6 Rxc6 18. Rfd1 Bxc3 19. Rxc3 Qc7 20. Rdc1 Rc8 21. Bd4
1/2-1/2

[Event "IX MIEDZYNARODOWY TURNIEJ SZACHOWY - GORA SW. ANNY 2016 - Open A"]
[Site "Gora Sw. Anny"]
[Date "1899-12-30"]
[Round "5.2"]
[White "Stupak, Kirill"]
[Black "Hnydiuk, Aleksander"]
[Result "0-1"]
[WhiteTitle "GM"]
[BlackTitle "IM"]
[WhiteElo "2537"]
[BlackElo "2341"]

1. Nf3 Nf6 2. g3 g6 3. Bg2 Bg7 4. d4 d5 5. c4 dxc4 6. Na3 c3 7. bxc3 O-O 8. O-O
c5 9. e3 Nc6 10. Qe2 Bf5 11. Rd1 Qb6 12. h3 cxd4 13. cxd4 Rfd8 14. Bf1 Rac8 15.
Nc4 Qa6 16. Qb2 Qa4 17. Bd2 Be4 18. Ne1 Nxd4 19. exd4 Rxc4 20. Bxc4 Qxc4 21. Qb3
Qc8 22. Kh2 Qf5 23. f3 Bc6 24. g4 Qd7 25. Nc2 Ba4 0-1

[Event "IX MIEDZYNARODOWY TURNIEJ SZACHOWY - GORA SW. ANNY 2016 - Open A"]
[Site "Gora Sw. Anny"]
[Date "1899-12-30"]
[Round "5.3"]
[White "Gajek, Radoslaw"]
[Black "Kosakowski, Jakub"]
[Result "1-0"]
[WhiteTitle "IM"]
[BlackTitle "k"]
[WhiteElo "2432"]
[BlackElo "2253"]

1. d4 Nf6 2. c4 g6 3. Nc3 d5 4. cxd5 Nxd5 5. e4 Nxc3 6. bxc3 Bg7 7. Nf3 c5 8. Be3
Qa5 9. Qd2 O-O 10. Rb1 b6 11. Rc1 Rd8 12. Bd3 e6 13. O-O Bb7 14. Bg5 Rd7 15. Ne5
cxd4 16. Nxd7 dxc3 17. Qe3 Nxd7 18. Bh6 Bf6 19. Rfd1 Rc8 20. Ba6 Nc5 21. Qf4 Bh8
22. Bxb7 Nxb7 23. Rd7 1-0

[Event "IX MIEDZYNARODOWY TURNIEJ SZACHOWY - GORA SW. ANNY 2016 - Open A"]
[Site "Gora Sw. Anny"]
[Date "1899-12-30"]
[Round "5.4"]
[White "Kocheev, Aleksandr"]
[Black "Kantans, Toms"]
[Result "1/2-1/2"]
[WhiteTitle "m"]
[BlackTitle "IM"]
[WhiteElo "2360"]
[BlackElo "2513"]

1. e4 c5 2. Nf3 d6 3. Bb5+ Nd7 4. d4 cxd4 5. Qxd4 Ngf6 6. Bg5 a6 7. Bxd7+ Bxd7
8. Bxf6 gxf6 9. c4 Rg8 10. O-O Qa5 11. Qd5 Qxd5 12. exd5 Rc8 13. Nbd2 Bh3 14.
Ne1 Bh6 15. f4 b5 16. b3 Bf5 17. g3 bxc4 18. bxc4 e5 19. fxe5 Bh3 20. Ne4 Be3+
21. Rf2 fxe5 22. Nxd6+ Kd7 23. Nxc8 Rxc8 24. Nd3 Kd6 25. Re1 Bd4 26. Kh1 Bxf2
27. Nxf2 Bf5 28. g4 Bc2 29. Ne4+ Bxe4+ 30. Rxe4 f6 31. Kg2 Kc5 32. Re2 Rg8 33.
Re4 f5 34. Rxe5 Rxg4+ 35. Kf3 Rxc4 36. Rxf5 Ra4 37. Rh5 Rxa2 38. Rxh7 Kxd5 39.
h4 a5 40. h5 a4 1/2-1/2

[Event "IX MIEDZYNARODOWY TURNIEJ SZACHOWY - GORA SW. ANNY 2016 - Open A"]
[Site "Gora Sw. Anny"]
[Date "1899-12-30"]
[Round "5.5"]
[White "Kislinsky, Alexey"]
[Black "Zylka, Stanislaw"]
[Result "1-0"]
[WhiteTitle "GM"]
[BlackTitle "k"]
[WhiteElo "2475"]
[BlackElo "2080"]

1. e4 e5 2. Nc3 Nc6 3. Bc4 Nf6 4. d3 Na5 5. Qf3 c6 6. Nge2 Nxc4 7. dxc4 d6 8. b3
Be7 9. h3 Be6 10. Bb2 Qc7 11. Ng3 g6 12. O-O h5 13. Qe3 h4 14. Nge2 g5 15. Rad1
Nh5 16. Rd2 g4 17. hxg4 Nf6 18. f3 a6 19. Rfd1 O-O-O 20. Qa7 Rdg8 21. Na4 Nd7
22. Qa8+ Qb8 23. Qxb8+ Kxb8 24. Ba3 Nc5 25. Nxc5 dxc5 26. Bb2 f6 27. Kf2 Kc7 28.
a4 a5 29. Rh1 Rh7 30. Rdd1 b6 31. Rh3 Rgh8 32. Rdh1 Rd8 33. Bc3 Rdh8 34. Ke1 Bf8
35. g3 Rd7 36. Rxh4 Rxh4 37. Rxh4 Bg7 38. Nc1 Kb7 39. Nd3 Bf8 40. Ke2 Ka6 41.
f4 Rg7 42. Kf3 b5 43. cxb5+ cxb5 44. f5 Bg8 45. Rh6 Rf7 46. Rh8 Rg7 47. axb5+
Kxb5 48. Bd2 Bd6 49. c4+ Kc6 50. Bh6 Rh7 51. Rxh7 Bxh7 52. Bg7 Be7 53. g5 fxg5
54. f6 Bd6 55. f7 g4+ 56. Ke3 1-0

[Event "IX MIEDZYNARODOWY TURNIEJ SZACHOWY - GORA SW. ANNY 2016 - Open A"]
[Site "Gora Sw. Anny"]
[Date "1899-12-30"]
[Round "5.6"]
[White "Grela, Kacper"]
[Black "Kowalczyk, Pawel"]
[Result "1-0"]
[WhiteTitle "FM"]
[BlackTitle "I++"]
[WhiteElo "2283"]
[BlackElo "2371"]

1. e4 e6 2. d4 c5 3. Nf3 cxd4 4. Nxd4 a6 5. Bd3 Qb6 6. Nb3 Qc7 7. O-O Nf6 8. Qe2
d5 9. Nc3 dxe4 10. Nxe4 Nxe4 11. Qxe4 Bd6 12. Kh1 b6 13. Nd4 Bb7 14. Qg4 Nc6 15.
Nxc6 Qxc6 16. f3 g6 17. Bg5 Be5 18. Rae1 Qd6 19. b3 O-O 20. Qh4 Rfc8 21. Be7 Qd4
22. Be4 Ra7 23. Rd1 Qb2 24. Rd7 Bxe4 25. Rxa7 Bxc2 26. Bd8 Qd4 27. Qxd4 Bxd4 28.
Rd7 e5 29. Bf6 Bf5 30. Rd8+ Rxd8 31. Bxd8 f6 32. Rc1 Bc5 33. Bxf6 e4 34. fxe4
Bxe4 35. b4 Bf8 36. Bd8 Bd5 37. a3 a5 38. Bxb6 axb4 39. a4 Bg7 40. Rd1 Bc6 41.
a5 b3 42. Bd4 Be4 43. Bxg7 Kxg7 44. a6 b2 45. a7 Kh6 46. Kg1 Kg5 47. Kf2 h5 48.
Ke3 Bxg2 49. Rb1 Kg4 50. Kf2 Kh3 51. Kg1 1-0

[Event "IX MIEDZYNARODOWY TURNIEJ SZACHOWY - GORA SW. ANNY 2016 - Open A"]
[Site "Gora Sw. Anny"]
[Date "1899-12-30"]
[Round "5.7"]
[White "Smieszek, Wojciech"]
[Black "Kanicki, Krzysztof"]
[Result "0-1"]
[WhiteTitle "k"]
[BlackTitle "k"]
[WhiteElo "2109"]
[BlackElo "2178"]

1. e4 c5 2. Nf3 Nc6 3. d4 cxd4 4. Nxd4 Nf6 5. Nc3 d6 6. Bc4 Qb6 7. Nb3 e6 8. Bf4
Ne5 9. Be2 Bd7 10. Qd2 Be7 11. O-O-O O-O 12. g4 Rfd8 13. g5 Ne8 14. h4 Qc7 15.
h5 b5 16. g6 Rab8 17. Rdg1 b4 18. Nd1 a5 19. Bh6 Bf6 20. Kb1 a4 21. Nc1 b3 22.
cxb3 axb3 23. Nxb3 Ba4 24. gxh7+ Kxh7 25. Bg5 Bxb3 26. axb3 Rxb3 27. Bxf6 Nxf6
28. Qg5 Ne8 29. h6 g6 30. f4 Rc8 31. Ba6 Qc2+ 32. Ka2 Ra8 0-1

[Event "IX MIEDZYNARODOWY TURNIEJ SZACHOWY - GORA SW. ANNY 2016 - Open A"]
[Site "Gora Sw. Anny"]
[Date "1899-12-30"]
[Round "5.8"]
[White "Smal, Tobiasz"]
[Black "Teclaf, Pawel"]
[Result "1/2-1/2"]
[WhiteTitle "k"]
[BlackTitle "CM"]
[WhiteElo "2006"]
[BlackElo "2170"]

1. Nf3 Nf6 2. c4 c5 3. Nc3 b6 4. g3 Bb7 5. Bg2 e6 6. O-O Be7 7. d4 cxd4 8. Nxd4
Bxg2 9. Kxg2 O-O 10. Ndb5 a6 11. Nd4 Qc7 12. Qb3 d6 13. Bg5 Nc6 14. Nxc6 Qxc6+
15. Kg1 Rfc8 16. Rac1 Rab8 17. Nb1 h6 18. Bf4 Rb7 19. Rfd1 Rd8 20. Qd3 b5 21.
Na3 Qe8 22. cxb5 axb5 23. Nc2 Rc8 24. Nb4 Rc4 25. a3 Rbc7 26. b3 Rxc1 27. Rxc1
Rxc1+ 28. Bxc1 d5 29. Bd2 Ne4 30. Be1 Nc5 31. Qc2 Qa8 32. Qa2 d4 33. f3 e5 34.
Kg2 e4 35. a4 bxa4 36. bxa4 exf3+ 37. exf3 Qxa4 38. Qxa4 Nxa4 39. Kf2 f5 40. Ke2
Nc5 41. Nc6 Bf6 42. Bf2 d3+ 43. Kd2 Bg5+ 44. Kd1 Nb3 45. Ne5 d2 46. f4 Bf6 47.
Nf3 Bc3 48. Be3 Kf7 49. Bxd2 Nxd2 50. Nxd2 Ke6 51. Nf3 Kd5 52. Ke2 Ke4 53. Nh4
1/2-1/2

[Event "IX MIEDZYNARODOWY TURNIEJ SZACHOWY - GORA SW. ANNY 2016 - Open A"]
[Site "Gora Sw. Anny"]
[Date "1899-12-30"]
[Round "5.9"]
[White "Dobrowolski, Piotr"]
[Black "Wisniewski, Michal"]
[Result "1-0"]
[WhiteTitle "IM"]
[BlackTitle "k+"]
[WhiteElo "2430"]
[BlackElo "2290"]

1. e4 c5 2. Nf3 d6 3. d4 cxd4 4. Nxd4 Nf6 5. Nc3 g6 6. Be3 Bg7 7. Be2 Nc6 8. Qd2
O-O 9. O-O-O Bd7 10. h4 Qa5 11. Kb1 Rfc8 12. f3 Nxd4 13. Bxd4 b5 14. Bxf6 Bxf6
15. Nd5 Qxd2 16. Nxf6+ Kg7 17. Rxd2 Kxf6 18. f4 Bc6 19. Bf3 h5 20. Re1 a6 21.
Re3 Rc7 22. Rc3 Rac8 23. b3 Bb7 24. Rxc7 Rxc7 25. Kb2 Ke6 26. g4 hxg4 27. Bxg4+
Kf6 28. Rd4 Bc8 29. Be2 Rc6 30. a4 bxa4 31. Rxa4 e5 32. fxe5+ Kxe5 33. h5 gxh5
34. Bxh5 f5 35. exf5 Bxf5 36. c4 Kd4 37. Ra1 Bd3 38. Rd1 Ke3 39. Kc3 Bf5 40. Re1+
Kf4 41. Bf7 Rb6 42. Bd5 Bd7 43. Re7 Bc6 44. c5 Rb5 45. Re4+ Kf5 46. Bxc6 Rxc5+
47. Rc4 Re5 48. Ba4 a5 49. Rc6 Ke6 50. Rb6 Rc5+ 51. Kb2 Kd5 52. Ka3 Ke5 53. Rb5
Kd4 54. Rxc5 Kxc5 55. Be8 d5 56. Ka4 1-0

[Event "IX MIEDZYNARODOWY TURNIEJ SZACHOWY - GORA SW. ANNY 2016 - Open A"]
[Site "Gora Sw. Anny"]
[Date "1899-12-30"]
[Round "5.10"]
[White "Licznerski, Lukasz"]
[Black "Domanski, Lukasz"]
[Result "1-0"]
[WhiteTitle "FM"]
[BlackTitle "I++"]
[WhiteElo "2308"]
[BlackElo "1975"]

1. e4 e5 2. Nf3 d6 3. d4 exd4 4. Nxd4 Nf6 5. Nc3 Be7 6. g3 Nc6 7. Bg2 Bg4 8. Nde2
O-O 9. h3 Be6 10. O-O Nd7 11. Nf4 Nb6 12. a4 a5 13. Ncd5 Bf6 14. Nxb6 cxb6 15.
c3 Re8 16. Nd5 Bxd5 17. Qxd5 Qc7 18. Rd1 Rad8 19. Bf4 Ne5 20. Qb3 Re6 21. Rd5
Nd7 22. Rad1 Be5 23. Be3 Nc5 24. Qb5 Rde8 25. b4 axb4 26. cxb4 Nd7 27. Rc1 Qd8
28. Rd2 Bf6 29. Rdc2 R6e7 30. Rc7 Ne5 31. Bxb6 Qb8 32. Rxe7 Rxe7 33. Qd5 g6 34.
b5 1-0

[Event "IX MIEDZYNARODOWY TURNIEJ SZACHOWY - GORA SW. ANNY 2016 - Open A"]
[Site "Gora Sw. Anny"]
[Date "1899-12-30"]
[Round "5.11"]
[White "Czopor, Maciej"]
[Black "Lizak, Jakub"]
[Result "1/2-1/2"]
[WhiteTitle "I+"]
[BlackTitle "k"]
[WhiteElo "1906"]
[BlackElo "2247"]

1. e4 c5 2. Nf3 a6 3. c3 d5 4. exd5 Qxd5 5. d4 Nf6 6. Be2 cxd4 7. cxd4 g6 8. Nc3
Qd6 9. O-O Bg7 10. Be3 O-O 11. Rc1 Nc6 12. a3 Rd8 13. b4 Be6 14. Qc2 Rac8 15.
Rfd1 Qb8 16. Qb2 Bd5 17. Na4 Ng4 18. g3 Nxe3 19. fxe3 Qa7 20. Nc5 Nb8 21. e4 Bc6
22. Qb1 e6 23. Bc4 Nd7 24. Kg2 Nf6 25. Re1 b5 26. Bb3 Be8 27. Rcd1 Nd7 28. Bxe6
fxe6 29. Nxe6 Nb6 30. Nxd8 Rxd8 31. d5 Bf7 32. Ng5 Nc4 33. Nxf7 Kxf7 34. Qb3 Be5
35. Rf1+ Kg7 36. Rf3 Rf8 37. Rxf8 Kxf8 38. Qf3+ Qf7 39. Qe2 Kg7 40. Rf1 Qa7 41.
Kh1 h5 42. Qf3 Qe7 43. Qf2 Bb2 44. Qf4 g5 45. Qf5 Ne3 46. d6 Nxf5 47. dxe7 Nxe7
48. Rf3 Nc6 49. Rd3 Bd4 50. e5 Bxe5 51. Rd7+ Kf6 52. Rb7 1/2-1/2

[Event "IX MIEDZYNARODOWY TURNIEJ SZACHOWY - GORA SW. ANNY 2016 - Open A"]
[Site "Gora Sw. Anny"]
[Date "1899-12-30"]
[Round "5.12"]
[White "Kalinowska, Zuzanna"]
[Black "Piotrowski, Przemyslaw"]
[Result "1/2-1/2"]
[WhiteTitle "k"]
[BlackTitle "k"]
[WhiteElo "1854"]
[BlackElo "2205"]

1. d4 d6 2. Nf3 g6 3. c3 Bg7 4. Bf4 Nd7 5. h3 e5 6. Bh2 Qe7 7. e3 Nh6 8. Be2 O-O
9. O-O Kh8 10. Nbd2 f5 11. Qa4 e4 12. Ne1 g5 13. Nc2 f4 14. exf4 gxf4 15. Rae1
d5 16. c4 Qg5 17. Qa3 Rg8 18. h4 Qxh4 19. cxd5 Nf6 20. Qe7 Nf5 21. Qxc7 Bh6 22.
Qe5 f3 23. Nxf3 exf3 24. Bxf3 Bd7 25. Re4 Raf8 26. Rxh4 Nxh4 27. Kh1 Rg5 28. Qd6
Nxf3 29. gxf3 Rxd5 30. Qe7 Bc6 31. Be5 Rxe5 32. dxe5 Bxf3+ 33. Kh2 Nd5 34. Qa3
Rf5 35. Kg3 Be2 36. Re1 Bf4+ 37. Kg2 Rg5+ 38. Kh1 Rh5+ 39. Kg2 Rg5+ 40. Kh1 Rh5+
41. Kg2 Rg5+ 42. Kh1 Rh5+ 1/2-1/2

[Event "IX MIEDZYNARODOWY TURNIEJ SZACHOWY - GORA SW. ANNY 2016 - Open A"]
[Site "Gora Sw. Anny"]
[Date "1899-12-30"]
[Round "5.13"]
[White "Chmiel, Piotr"]
[Black "Kowalski, Igor"]
[Result "0-1"]
[WhiteTitle "I+"]
[BlackTitle "k"]
[WhiteElo "1914"]
[BlackElo "2121"]

1. e4 e6 2. d4 d5 3. e5 c5 4. c3 Nc6 5. Nf3 Qb6 6. Bd3 Bd7 7. dxc5 Bxc5 8. O-O
a5 9. b3 Nge7 10. Bf4 Ng6 11. Bg3 Nce7 12. Qc2 Nf5 13. Nbd2 Rc8 14. Qb2 Nxg3 15.
hxg3 O-O 16. Rac1 Rfd8 17. a3 Bb5 18. Bxb5 Qxb5 19. c4 Qb6 20. Rb1 Be7 21. cxd5
exd5 22. b4 axb4 23. axb4 d4 24. Rfc1 Rxc1+ 25. Qxc1 Nf8 26. b5 Ne6 27. Nc4 Qc5
28. Nfd2 d3 29. Qc3 Qd5 30. Ne3 Qd7 31. Ne4 Nd4 32. Kf1 Nxb5 33. Qa5 Nd4 34. Nc4
Qg4 35. Ned6 Qe2+ 36. Kg1 Qh5 37. f3 Nxf3+ 38. gxf3 Qxf3 39. Qe1 Bg5 40. Qf2 Qd5
41. Rb5 Qe6 42. Rxb7 d2 43. Rb1 f6 44. Nxd2 Rxd6 45. Rb8+ Kf7 46. Ne4 Rd1+ 47.
Kh2 Qxe5 48. Qa2+ Kg6 49. Qc2 Rc1 50. Qd3 Qf5 51. Rb5 Qf1 52. Rxg5+ fxg5 53. Qd6+
Kh5 54. g4+ Kxg4 55. Qg3+ Kf5 56. Nf2 Rc4 57. Qf3+ Kg6 0-1

[Event "IX MIEDZYNARODOWY TURNIEJ SZACHOWY - GORA SW. ANNY 2016 - Open A"]
[Site "Gora Sw. Anny"]
[Date "1899-12-30"]
[Round "5.14"]
[White "Korpalski, Maciej"]
[Black "Praczukowski, Stanislaw"]
[Result "0-1"]
[WhiteTitle "I"]
[BlackTitle "I++"]
[WhiteElo "1901"]
[BlackElo "2003"]

1. e4 e6 2. d4 d5 3. Nc3 Bb4 4. e5 Ne7 5. Bd2 Bxc3 6. Bxc3 b6 7. Qg4 O-O 8. Nf3
Ba6 9. Bxa6 Nxa6 10. Ng5 c5 11. O-O-O Rc8 12. Qh5 h6 13. Nf3 cxd4 14. Rxd4 Nc5
15. Rhd1 Qc7 16. Rf1 Ne4 17. Rd3 Qc4 18. Kb1 Nc6 19. a3 d4 20. Bxd4 Nxd4 21. Nxd4
Nd2+ 0-1

[Event "IX MIEDZYNARODOWY TURNIEJ SZACHOWY - GORA SW. ANNY 2016 - Open A"]
[Site "Gora Sw. Anny"]
[Date "1899-12-30"]
[Round "5.15"]
[White "Janocha, Jan"]
[Black "Kokoszczynski, Jan"]
[Result "0-1"]
[WhiteTitle "I"]
[BlackTitle "k"]
[WhiteElo "1744"]
[BlackElo "2121"]

1. e4 c5 2. Nc3 d6 3. f4 Nc6 4. Nf3 g6 5. Be2 Bg7 6. O-O e6 7. d3 Nge7 8. Bd2 O-O
9. Rb1 Rb8 10. a3 b5 11. Na2 a5 12. c3 b4 13. axb4 axb4 14. c4 f5 15. Nc1 e5 16.
fxe5 dxe5 17. Nb3 Qd6 18. Be3 Nd4 19. Nbxd4 cxd4 20. Bf2 Bb7 21. Nd2 Bh6 22. Bf3
Be3 23. Kh1 f4 24. b3 Ra8 25. Bg4 Ra2 26. Be1 Nc6 27. c5 Qxc5 28. Be6+ Kg7 29.
Nc4 h5 30. g4 Qe7 31. Bd5 h4 32. g5 Nd8 33. Bxb7 Nxb7 34. Qg4 h3 35. Bh4 Nc5 36.
Rfd1 Rh8 37. Be1 Rg2 38. Nxe3 Rxg4 39. Nxg4 Qxg5 40. Rb2 Qxg4 41. Ra1 Nxd3 0-1

[Event "IX MIEDZYNARODOWY TURNIEJ SZACHOWY - GORA SW. ANNY 2016 - Open A"]
[Site "Gora Sw. Anny"]
[Date "1899-12-30"]
[Round "6.1"]
[White "Kovchan, Alexander"]
[Black "Gajek, Radoslaw"]
[Result "0-1"]
[WhiteTitle "GM"]
[BlackTitle "IM"]
[WhiteElo "2596"]
[BlackElo "2432"]

1. e4 e6 2. d4 d5 3. Nc3 dxe4 4. Nxe4 Nd7 5. Nf3 Ngf6 6. Nxf6+ Nxf6 7. c3 c5 8.
Bg5 Qb6 9. Qb3 Be7 10. Bd3 O-O 11. O-O Bd7 12. dxc5 Qxc5 13. Qc2 h6 14. Bf4 Bc6
15. Ne5 Bxg2 16. Kxg2 Nh5 17. Qa4 Qd5+ 18. Kg1 Nxf4 19. Qxf4 Bd6 20. Rad1 Qxe5
21. Qxe5 Bxe5 22. Be4 Rab8 23. Rd7 b5 24. Bb7 Rfd8 25. Rfd1 Rxd7 26. Rxd7 Kf8
27. Ba6 b4 28. Rxa7 bxc3 29. bxc3 Rb2 30. Bc4 Bxc3 31. Rd7 Ba5 32. f3 Ke8 33.
Rd3 Bb6+ 34. Kh1 Bc7 35. h3 Rh2+ 36. Kg1 Rxh3 37. Bb5+ Kf8 38. a4 Rh5 39. Rc3
Rc5 40. Rxc5 Bb6 41. a5 Bxc5+ 42. Kg2 f5 43. a6 g5 44. Bd7 Ke7 45. Bc8 Kf6 46.
Bd7 Ba7 47. Be8 Bb8 48. Kh3 e5 49. Bh5 g4+ 50. Kh4 Ba7 51. Kg3 Kg5 52. fxg4 e4
53. Bf7 f4+ 54. Kg2 f3+ 55. Kg3 Bb8+ 56. Kf2 Kf4 0-1

[Event "IX MIEDZYNARODOWY TURNIEJ SZACHOWY - GORA SW. ANNY 2016 - Open A"]
[Site "Gora Sw. Anny"]
[Date "1899-12-30"]
[Round "6.2"]
[White "Hnydiuk, Aleksander"]
[Black "Kovalev, Vladislav"]
[Result "1/2-1/2"]
[WhiteTitle "IM"]
[BlackTitle "GM"]
[WhiteElo "2341"]
[BlackElo "2558"]

1. Nf3 Nf6 2. c4 g6 3. g3 Bg7 4. Bg2 O-O 5. d4 c5 6. O-O cxd4 7. Nxd4 Nc6 8. Nc3
Qa5 9. Nb3 Qh5 10. e4 d6 11. Qxh5 Nxh5 12. c5 dxc5 13. Nxc5 Rb8 14. Be3 b6 15.
Nb3 Bb7 16. Rfd1 Rfd8 17. Rac1 Ne5 18. Bd4 Nc4 19. Nd5 Nxb2 20. Nxe7+ Kf8 21.
Bxg7+ Nxg7 22. Rxd8+ Rxd8 23. Nd5 Ne6 24. Na5 Ba8 25. Rb1 Na4 26. Nc4 Bxd5 27.
exd5 Nc3 28. Rb3 Nd4 29. Ra3 Nce2+ 30. Kh1 Rc8 31. Ne3 a5 32. Bf1 Rc3 33. Ra4
Ke7 34. Kg2 Kd6 35. Bxe2 Nxe2 36. Kf1 Nc1 37. Ke1 Rd3 38. Rc4 Nxa2 39. Rc6+ Kd7
40. Rxb6 a4 41. Rb7+ Kd8 42. Rxf7 a3 43. Rxh7 Nb4 44. Ra7 a2 45. Ke2 Rb3 46. Kd2
Rd3+ 47. Ke2 Rc3 48. Kd2 Rd3+ 49. Kc3 Rxc3 1/2-1/2